00637nam a2200169 a 450000500170000000800410001705000220005810000210008024500920010125000200019326000350021365000450024865000490029365000360034265000380037865000510041620140414131855.0100817s19uu xx 00 eng d aM 910.4bF87 2006 aFreedman, Russel aThe adventures of Marco Polo /cby Russel Freedman ; illustrated by Bagram Ibatoulline. a1st American Ed aNew York :bScholastic,c2006. aPolo, Marco, 1254-1323?xPictorial works aExplorersxItalyxBiographyxPictorial works aStory tellingxpictorial works. aTravel, MedievalxPictorial works aAsiaxDescription and travelxpictorial works.